000 00329nam a2200145Ia 4500
003 OSt
005 20240320115122.0
008 170523s9999 xx 000 0 und d
020 _a978-9383286676
040 _ciimtu meerut
100 _aNEELAMEGHAM
245 0 _aERP DEMYSTIFIED
260 _bTATA MC GRAW HILL
942 _2ddc
_c02
999 _c1679
_d1679